Mitigating the emission of green house gases during ribbed smoked sheet processing (Record no. 53079)

MARC details
000 -LEADER
fixed length control field 00467nam a2200109Ia 4500
100 ## - MAIN ENTRY--AUTHOR NAME
Personal name Mathew J.
245 #0 - TITLE STATEMENT
Title Mitigating the emission of green house gases during ribbed smoked sheet processing
260 ## - PUBLICATION, DISTRIBUTION, ETC. (IMPRINT)
Name of publisher International Workshop on Climate Change and Rubber Cultivation: R & D Priorities, 28-30 July 2010, Rubber Research Institute of India, Kottayam, Kerala, pp. 109-111.
Year of publication 2010
700 ## - ADDED ENTRY--PERSONAL NAME
Personal name Harish M.
942 ## - ADDED ENTRY ELEMENTS (KOHA)
Koha item type Bibliography STAF
Holdings
Withdrawn status Lost status Damaged status Not for loan Home library Current library Date acquired Koha item type
      Bibliography RRII Library RRII Library 09/04/2014 Bibliography STAF